000
00376nam a22001457a 4500
005
20251108165829.0
008
250721s1987 xx 000 0 ara d
082
1
4
_a
ط/216.22/تعل
245
1
0
_a
تعليم الصلاة /
264
1
_a
الزرقاء :
_b
مكتبة المنار،
_c
1987.
300
_a
44ص
650
1
7
_a
الصلاة
942
_2
ddc
_c
BK
999
_c
32361
_d
32361